King Stephen of England - Statistics

General Stats
  • This quiz has been taken 7 times
    6 since last reset
  • The average score is 7 of 12
Answer Stats
Hint Answer % Correct
Uncle that Stephen succeeded as King, breaking his oath Henry I
100%
Daughter of that king, who was named as his heir, held this title from her first marriage {Empress} Matilda
80%
Stephen was the final king from this royal dynasty House of {Normandy}
80%
Name for the civil war that broke out between Stephen and Matilda The Anarchy
80%
This maternal grandfather provided Stephen's weak claim to throne William the Conqueror
80%
Stephen was captured during this battle in 1141 (Hint: Held the world's tallest building for over 200 years) Battle of {Lincoln}
60%
Stephen signed this treaty in 1153, accepting Matilda's son Henry as his heir (Hint: Capital of Wessex) Treaty of {Winchester}
60%
Matilda's second husband {Geoffrey} of Anjou
40%
Stephen narrowly avoided the White Ship disaster, possibly due to suffering from this ailment Diarrhoea
20%
Stephen hoped this son would be his successor Eustace
20%
Matilda fled from this castle after it was besieged in 1141 {Oxford} Castle
20%
Matilda's half-brother and key ally, captured in the Rout of Winchester and exchanged for Stephen {Robert} of Gloucester
20%
No matching quizzes found
Score Distribution
Percent of People with Each Score
Percentile by Number Answered
Your Score History
You have not taken this quiz since the last reset